00629nam a2200145Ia 4500008004100000082002400041100003000065245011900095260002400214300001100238502006300249650005600312952009800368999001700466120622s9999 xx 000 0 und d aT 346.07 P649i 2002 aPineda Rentería, Sandra aLa ineficacia del capital social mínimo en las sociedades de responsabilidad limitada / Sandra Pineda Rentería aMéxico : El autor a102 h. aTESIS ( Licenciada en derecho). -- Universidad Insurgentes a1. DERECHO COMERCIAL \ 2. SOCIEDADES MERCANTILESÌ 00104070a01b01d2007-01-25l0oT 346.07 P649I 2002p01 008264r2012-06-24w2012-06-24yLB c57146d57146